000 00739cam a2200241 a 4500
001 3544662
005 20180129072024.0
008 970821s1998 nju b 001 0 eng c
010 _a 97037496
020 _a0896033619 (alk. paper)
040 _aDNLM/DLC
_cDLC
_dDLC
041 _aeng
060 1 0 _a616.0758
_aQH 450.3 P3475 1998
080 _a616.0758
082 0 0 _a616.0758 MEL
_221
100 _a4
101 _aSHM
245 0 0 _aPCR in bioanalysis /
_cedited by Stephen J. Meltzer.
504 _aIncludes bibliographical references and index.
906 _a7
_bcbc
_corignew
_d1
_eocip
_f19
_gy-gencatlg
942 _2ddc
_cBK
999 _c41158
_d41158